Webová aplikácia na vyhľadávanie a hodnotenie reštaurácií a jedál

Na minha lista:
Detalhes bibliográficos
Autor principal: Lapos, Adrian (Author)
Outros Autores: Novák, Vladislav (Thesis advisor)
Formato: Manuscrito Livro
Idioma:eslovaco
Publicado em: Bratislava : STU v Bratislave FEI, 2025
Assuntos:
Acesso em linha:https://opac.crzp.sk/?fn=detailBiblioFormChildY11UJ1&sid=E1578DECED3BC9A505A74B8E7EAC&seo=CRZP-detail-kniha
Tags: Adicionar Tag
Sem tags, seja o primeiro a adicionar uma tag!

MARC

LEADER 00000ntm a22000003a 4500
001 stuzp103392
003 SK-STU
005 20251112143136.2
007 ta
008 150427s2015----xo-----f-mn---000-0-slo-d
040 |a STU  |b slo 
041 0 |a slo 
044 |a xo 
100 1 |a Lapos, Adrian  |u 035000  |4 aut  |U FEI Fakulta elektrotechniky a informatiky  |T FEI Ústav informatiky a matematiky  |X 116231  |U E050  |Y 816  |7 116231 
242 0 1 |a A Web Application for Finding and Rating Restaurants and Dishes  |y eng 
245 1 0 |a Webová aplikácia na vyhľadávanie a hodnotenie reštaurácií a jedál 
260 |a Bratislava :  |b STU v Bratislave FEI,  |c 2025 
300 |a 55 s. 
650 4 |a požiadavky  |2 slo 
650 4 |a full-stack applikácia  |2 slo 
650 4 |a analýza potrieb používateľov  |2 slo 
650 4 |a full-stack application  |2 eng 
650 4 |a requirements  |2 eng 
650 4 |a analysis of user needs  |2 eng 
700 1 |a Novák, Vladislav  |u 035000  |k Z1  |4 ths  |U FEI Fakulta elektrotechniky a informatiky  |T FEI Ústav informatiky a matematiky  |X 10137  |U E050  |Y 816  |7 A000010137 
856 4 |u https://opac.crzp.sk/?fn=detailBiblioFormChildY11UJ1&sid=E1578DECED3BC9A505A74B8E7EAC&seo=CRZP-detail-kniha